Correspondance

Guardat en:
Dades bibliogràfiques
Autor principal: San Cipriano (Autor)
Format: Llibre
Idioma:francès
Publicat: París Les Belles Lettres 1962
Edició:2a. ed
Matèries:
Etiquetes: Afegir etiqueta
Sense etiquetes, Sigues el primer a etiquetar aquest registre!

MARC

LEADER 00000nam a2200000 a 4500
001 UCW0219
003 CL-VaPUC
008 911126e19620000FR |||||||||||||||||fre|d
082 0 4 |a 189.2  |b CIP  |2 21 
100 0 |a San Cipriano  |e author  |9 269312 
245 1 0 |a Correspondance 
250 |a 2a. ed 
300 |a v 
942 |c BK 
945 |d 19911126 00:00:00 
260 |a París  |b Les Belles Lettres  |c 1962 
600 0 7 |a SAN CIPRIANO  |2 CL-VaPUC  |9 269312 
650 0 |a Correspondencia  |9 258963 
583 |a last modification  |c 19911126 00:00:00  |k Rodrigo Vera 
999 |c 215442  |d 215440 
952 |0 0  |1 0  |4 0  |6 189_200000000000000_CIP_1962  |7 0  |8 X  |9 199745  |a BIBART  |b BIBART  |d 2019-11-14  |h v.1  |i 2670119  |o 189.2 CIP 1962  |p 2670119  |r 2025-03-13  |w 2019-11-14  |y BK_X  |k ART 
952 |0 0  |1 0  |4 0  |6 189_200000000000000_CIP_1962  |7 0  |8 X  |9 199746  |a BIBART  |b BIBART  |d 2019-11-14  |h v.2  |i 2670127  |o 189.2 CIP 1962  |p 2670127  |r 2025-03-13  |w 2019-11-14  |y BK_X  |k ART